| 000 | 00608nam a2200205 a 4500 | ||
|---|---|---|---|
| 005 | 20240215063833.0 | ||
| 008 | 021024s1984 mx r 000 0 spa d | ||
| 020 | _a9682508029 | ||
| 035 | _aUPN01000120459 | ||
| 049 | _aCG | ||
| 050 | 4 |
_aHF5500 _bK6.58 1984 |
|
| 100 | 1 |
_aKoontz, Harold, _d1908-1984 _928838 |
|
| 245 | 1 | 0 |
_aIntroducción a la administración moderna / _cHarold Koontz, Robert M. Fulmer ; tr. Coro Pando. |
| 250 | _a3a ed. | ||
| 260 |
_aMéxico : _bInteramericana, _c1984. |
||
| 300 | _a481 p. | ||
| 650 | 4 |
_aAdministración _928 |
|
| 700 | 1 |
_aFulmer, Robert M., _ecoaut. |
|
| 905 | _aLibro | ||
| 999 |
_c92793 _d92793 |
||